Catálogo
 En Linea

Me arrepiento de mi pecado: (Registro nro. 50702)

Detalles MARC
000 -CABECERA
campo de control de longitud fija 01246nam a2200253 a 4500
003 - IDENTIFICADOR DEL NÚMERO DE CONTROL
campo de control DO-SdBNP
005 - FECHA Y HORA DE LA ÚLTIMA TRANSACCIÓN
campo de control 20260202095302.0
007 - CAMPO FIJO DE DESCRIPCIÓN FÍSICA--INFORMACIÓN GENERAL
campo de control de longitud fija ta
008 - DATOS DE LONGITUD FIJA--INFORMACIÓN GENERAL
campo de control de longitud fija 211005e2019 dr ||||gr|||| 001 0dspa d
020 ## - NÚMERO INTERNACIONAL ESTÁNDAR DEL LIBRO
Número Internacional Estándar del Libro 9789945918243
040 ## - FUENTE DE LA CATALOGACIÓN
Centro catalogador/agencia de origen DO-SdBNP
Lengua de catalogación spa
Centro/agencia transcriptor BNPHU
082 #4 - NÚMERO DE LA CLASIFICACIÓN DECIMAL DEWEY
Número de edición 22
Número de documento/Ítem S211m
100 1# - ENTRADA PRINCIPAL--NOMBRE DE PERSONA
Nombre de persona Sánchez, Manuel
9 (RLIN) 80112
245 00 - MENCIÓN DE TÍTULO
Título Me arrepiento de mi pecado:
Resto del título un llamado a la paz con Dios. /
Mención de responsabilidad, etc. Manuel, Sánchez; prólogo de Malaquías Belén
260 ## - PUBLICACIÓN, DISTRIBUCIÓN, ETC.
Lugar de publicación, distribución, etc. Santo Domingo :
Nombre del editor, distribuidor, etc. Publicaciones Libertad,
Fecha de publicación, distribución, etc. 2019
300 ## - DESCRIPCIÓN FÍSICA
Extensión 120 p. ;
Otras características físicas 21 cm.
500 ## - NOTA GENERAL
Nota general Incluye biografía del autor en la contracubierta.
505 00 - NOTA DE CONTENIDO CON FORMATO
Nota de contenido con formato Dedicatoria.-- Agradecimientos.-- Prólogo.-- Preámbulo.
Título 1. Un mundo cargado de pecado.--
-- 2. Debes ser limpio por su sangre.--
-- 3. si vives por lo terrenal, no vivirás en lo celestial.--
-- 4. Eres esclavo, pero ¿de qué?.--
-- 5. La grandeza de la humanidad.--
-- 6. Barreras que derribar.--
-- ¡Qué mis oraciones no tengan estorbo!.--
-- 8. Al que mucho se le perdona, mucho debe amar.--
-- 9. La desgracia del pecado.
590 ## - NOTA LOCAL (RLIN)
Nota local Inventariado 2021 / MF
650 #0 - PUNTO DE ACCESO ADICIONAL DE MATERIA--TÉRMINO DE MATERIA
Término de materia o nombre geográfico como elemento de entrada Vida cristiana
Subdivisión general Religión
9 (RLIN) 668
650 #0 - PUNTO DE ACCESO ADICIONAL DE MATERIA--TÉRMINO DE MATERIA
Término de materia o nombre geográfico como elemento de entrada Espiritualidad
Subdivisión general Religión
9 (RLIN) 613
700 1# - PUNTO DE ACCESO ADICIONAL--NOMBRE DE PERSONA
9 (RLIN) 79593
Nombre de persona Belén, Malaquías,
Fechas asociadas al nombre 1977
Término indicativo de función/relación prólogo
942 ## - ELEMENTOS DE PUNTO DE ACCESO ADICIONAL (KOHA)
Fuente del sistema de clasificación o colocación Dewey Decimal Classification
Tipo de ítem Koha Libro
Existencias
Estado de retiro Estado de pérdida Fuente del sistema de clasificación o colocación Restricciones de uso No para préstamo Código de colección Localización permanente Ubicación/localización actual Ubicación en estantería Fecha de adquisición Fuente de adquisición Total de préstamos Signatura topográfica completa Código de barras Fecha visto por última vez Precio válido a partir de Tipo de ítem Koha Número de copia
    Dewey Decimal Classification Préstamo en sala   Dominicana de Servicio Biblioteca Nacional Pedro Henríquez Ureña General Depósito 12.02.2021 Donado por Publicaciones Libertad   S211m 2021-27201 05.10.2021 05.10.2021 Libro y Folleto Colección Dominicana de Servicio e.3
    Dewey Decimal Classification Excluido de préstamo   Patrimonio Dominicano Biblioteca Nacional Pedro Henríquez Ureña Patrimonio Dominicano Depósito 12.02.2021 Donado por Publicaciones Libertad   S211m 2021-27199 05.10.2021 05.10.2021 Libro y Folleto Colección Patrimonio Dominicano  
    Dewey Decimal Classification Excluido de préstamo   Patrimonio Dominicano Biblioteca Nacional Pedro Henríquez Ureña Patrimonio Dominicano Depósito 12.02.2021 Donado por Publicaciones Libertad   S211m 2021-27200 05.10.2021 05.10.2021 Libro y Folleto Colección Patrimonio Dominicano e.2

Con tecnología Koha